Surface evolution equations : a level set approach
Saved in:
| Main Author: | |
|---|---|
| Format: | Book |
| Language: | English |
| Published: |
Basel, Switzerland ; Boston [Mass.] :
Birkhauser Verlang,
c2006
|
| Series: | Monographs in mathematics ;
; 99 |
| Subjects: | |
| Tags: |
Add Tag
No Tags, Be the first to tag this record!
|
MARC
| LEADER | 00000nam a2200000 i 4500 | ||
|---|---|---|---|
| 001 | 1/69924 | ||
| 008 | 080111s2006 eng d | ||
| 020 | |a 978-3-7643-2430-8 | ||
| 020 | |a 3-7643-2430-9 | ||
| 035 | |l 10093545 | ||
| 040 | |a GR-MY-UA |b gre |e aacr | ||
| 041 | 0 | |a eng | |
| 082 | 0 | |a 515.353 |2 (22) | |
| 100 | 1 | |a Giga, Yoshikazu. | |
| 245 | 1 | 0 | |a Surface evolution equations : |b a level set approach / |c Yoshikazu Giga |
| 260 | |a Basel, Switzerland ; Boston [Mass.] : |b Birkhauser Verlang, |c c2006 | ||
| 300 | |a xii, 264 σ.; |b εικ.; |c 24 εκ. | ||
| 490 | 1 | |a Monographs in mathematics |v ; 99 | |
| 504 | |a Περιέχει βιβλιογραφικές παραπομπές (σ. [243]-260) και ευρετήρια | ||
| 650 | 0 | 0 | |a Evolution equations. |
| 650 | 0 | 0 | |a Hamilton-Jacobi equations. |
| 650 | 0 | 0 | |a Curves, Algebraic. |
| 650 | 0 | 0 | |a Differential equations, Parabolic. |
| 830 | 0 | |a Monographs in mathematics ; |v ; 99 | |
| 852 | |a INST |b SAMOS |e 20080111 |h 515.353 GIG |p 005300027361 |q 005300027361 |t BK |y 0 | ||
| 901 | |a BIBL3-2008-1 | ||
| 909 | |a Σ |b 143694 | ||
| 922 | |a 3ΕΛΗ |b 200712 |c ΕΠΕΑΕΚ2/ΤΜΗΜΑ ΜΑΘΗΜΑΤΙΚΩΝ |d ΕΛΕΥΘΕΡΟΥΔΑΚΗΣ | ||
| 970 | |a ΡΟΥΣΣΟΥ |b ΚΩΝΣΤΑΝΤΙΝΑ |z 2008/01/11 | ||